Normal view
MARC view
- Middle East -- Politics and government -- 1945- -- Addresses, essays, lectures
Entry Topical Term
001 - CONTROL NUMBER
- control field: 2977
003 - CONTROL NUMBER IDENTIFIER
- control field: JO-AjAnu
005 - DATE AND TIME OF LATEST TRANSACTION
- control field: 20230606070806.0
008 - FIXED-LENGTH DATA ELEMENTS
- fixed length control field: 230606|| aca||aabn | a|a d
040 ## - CATALOGING SOURCE
- Original cataloging agency: JO-AjAnu
- Transcribing agency: JO-AjAnu
150 ## - HEADING--TOPICAL TERM
- Topical term or geographic name entry element: Middle East -- Politics and government -- 1945- -- Addresses, essays, lectures
670 ## - SOURCE DATA FOUND
- Source citation: Work cat.: (JO-AjAnu)1559: edited by Thomas Naff, author 2976, The Middle East challenge, 1980-1985